|
|
|
|
| LEADER |
01235ppm a22002658a 4500 |
| 001 |
00043210 |
| 005 |
20181115081135.0 |
| 008 |
170627s2017 ||||||viesd |
| 041 |
0 |
# |
|a vie
|
| 082 |
1 |
4 |
|b QU105L
|a 373.12
|
| 100 |
1 |
# |
|a Nguyễn, Thị Hải Yến
|
| 245 |
0 |
0 |
|a Quản lý hoạt động trải nghiệm cho học sinh các trường THPT ở quận Cái Răng, thành phố Cần Thơ
|b Luận văn thạc sĩ khoa học Quản lí giáo dục. Chuyên ngành: Quản lí giáo dục . Mã số: 8 14 01 14
|c Nguyễn Thị Hải Yến ; Nguyễn Văn Đệ (hướng dẫn)
|
| 260 |
# |
# |
|a Đồng Tháp
|b Đại học Đồng Tháp
|c 2018
|
| 300 |
# |
# |
|a 106 tr.
|c 30 cm.
|
| 500 |
# |
# |
|a ĐTTS ghi: Bộ giáo dục và đào tạo. Trường Đại học Đồng tháp
|
| 653 |
# |
# |
|a Cần Thơ
|
| 653 |
# |
# |
|a Trãi nghiệm
|
| 653 |
# |
# |
|a THPT
|
| 653 |
# |
# |
|a Dạy học
|
| 653 |
# |
# |
|a Luận Văn
|
| 653 |
# |
# |
|a Quản lí giáo dục
|
| 700 |
1 |
# |
|a Nguyễn, Văn Đệ
|e Hướng dẫn
|
| 852 |
# |
# |
|j LV.0001900
|j LV.0001995
|
| 910 |
0 |
# |
|d 15/11/2018
|
| 980 |
# |
# |
|a Trung tâm Học liệu Lê Vũ Hùng, Trường Đại học Đồng Tháp
|